Postoje spotrebiteľov k obalom a obalovým materiálom na trhu potravinárskych výrobkov diplomová práca

Salvato in:
Dettagli Bibliografici
Autore principale: Pálová, Tímea
Ente Autore: Obchodná fakulta EU. Katedra tovaroznalectva a kvality tovaru
Altri autori: Lacková, Alica
Natura: Libro
Lingua:slovacco
Pubblicazione: Bratislava 2014
Tags: Aggiungi Tag
Nessun Tag, puoi essere il primo ad aggiungerne!!

MARC

LEADER 00000nbm a2200000 4500
001 0186173
005 20170201095229.1
041 0 |a slo 
044 |a SK 
245 1 0 |a Postoje spotrebiteľov k obalom a obalovým materiálom na trhu potravinárskych výrobkov  |b diplomová práca  |c Tímea Pálová ; školiteľ: Alica Lacková 
264 1 |a Bratislava  |c 2014 
300 |a 77 s. 
100 1 |a Pálová, Tímea 
700 1 |a Lacková, Alica 
710 2 |a Obchodná fakulta EU. Katedra tovaroznalectva a kvality tovaru